| 000 -ლიდერი |
| ფიქსირებული სიგრძის საკონტროლო ველი |
01611nam a2200289Ia 4500 |
| 001 - საკონტროლო ნომერი |
| საკონტროლო ველი |
22765 |
| 003 - საკონტროლო ნომრის იდენტიფიკატორი |
| საკონტროლო ველი |
GE_BSU |
| 005 - ბოლო ოპერაციის თარიღი და დრო |
| საკონტროლო ველი |
20230518125448.0 |
| 008 - ფიქსირებული სიგრძის მონაცემთა ელემენტები - ზოგადი ინფორმაცია |
| ფიქსირებული სიგრძის საკონტროლო ველი |
181216s ||||ge |||||||||||||| ||geo|| |
| 020 ## - წიგნის საერთაშორისო სტანდარტული ნომერი |
| International Standard Book Number |
9789941260537 |
| 040 ## - კატალოგიზაციის წყარო |
| Transcribing agency |
GE_BSU |
| 041 ## - ენის კოდი |
| Language code of text/sound track or separate title |
geo |
| 080 ## - უნივერსალური ათობითი კლასიფიკაციის ინდექსი |
| Universal Decimal Classification number |
821.112.2-1 ლ-34 |
| 100 ## - მთავარი ჩანაწერი - პიროვნების სახელი |
| Personal name |
ლედებური, ბენედიქტ |
| 9 (RLIN) |
18003 |
| 245 ## - ცნობა სათაურის შესახებ |
| Title |
ქარის წისქვილი : |
| Remainder of title |
სონეტების გვირგვინი თამუნა სირბილაძისთვის / |
| Statement of responsibility, etc |
ბენედიქტ ლედებური ; გერმანულიდან თარგმნა ლულუ დადიანმა. |
| 250 ## - გამოცემის ცნობა |
| Edition statement |
I გამოცემა |
| 264 ## - წარმოების, გამოცემის, დისტრიბუციის და სხვა ცნობები |
| გამოცემის, წარმოების, დისტრიბუციის... ადგილი |
თბილისი : |
| გამოცემის, წარმოების, დისტრიბუციის... სახელწოდება |
უნივერსალი, |
| გამოცემის, წარმოების, დისტრიბუციის... თარიღი |
2017. |
| 300 ## - ფიზიკური აღწერა |
| Extent |
34 გვ. : |
| Other physical details |
[6] ჩართ. ფ. ილ. ; |
| Dimensions |
19 სმ. |
| 490 ## - სერიის ცნობა |
| Series statement |
სონეტები გერმ. და ქართ. ენებზე |
| 500 ## - ზოგადი შენიშვნა |
| General note |
წიგნი ილუსტრირებულია თამუნა სირბილაძე-ვესტის (1971-2016) ნამუშევრებით |
| 500 ## - ზოგადი შენიშვნა |
| General note |
სონეტები გერმანულ და ქართულ ენებზე |
| 653 ## - INDEX TERM--UNCONTROLLED |
| Uncontrolled term |
ქარის წისქვილი |
| 653 ## - INDEX TERM--UNCONTROLLED |
| Uncontrolled term |
სონეტების გვირგვინი თამუნა სირბილაძისთვის |
| 700 ## - ADDED ENTRY--PERSONAL NAME |
| Personal name |
დადიანი, ლულუ |
| Relator term |
მთარმნელი |
| 9 (RLIN) |
18122 |
| 942 ## - ADDED ENTRY ELEMENTS (KOHA) |
| Koha item type |
წიგნი |
| Source of classification or shelving scheme |
|